00750 2200205 4500001002100000005001500021035002000036008004100056245003100097100002100128250000600149260003800155300001100193084001400204082000800218650001000226520028400236990001200520990001200532INLIS00000000000092420240603084010 a0010-0524000159240603 1 ind 1 aLama Fa /cYudhi Herwibowo aHerwibowo, Yudhi a1 aYogyakarta :bSheila/ Andi,c2007 a80 hlm a813 YUD l a813 4aFiksi aSemua mengatakan Papa Ora meninggal karena terempas koteklama. Tapi, surat misterius itu mengatakan hal yang berbeda. Mungkinkah Papa Ora dibunuh? Apa hubungannya dengan Ikke Mabengke? Secara tradisi, Linda harus menggantikan Papa Ora menjadi Lama Fa. Meski ia seorang perempuan. a0741602 a0741603